Fictional settlements - Statistics

General Stats
  • This quiz has been taken 14 times
  • The average score is 6 of 15
Answer Stats
Settlement name Answer Format % Correct
Gotham City Batman comic
100%
Smallville, Kansas Superboy comic
92%
Emerald City The Wizard of Oz film
67%
Bedrock The Flintstones cartoon
58%
New New York City Futurama cartoon
50%
Derry, Maine It film
42%
District X / Mutant Town New X-Men comic
42%
Hazzard County, Georgia The Dukes of Hazzard TV
42%
Hill Valley, California Back to the Future film
33%
Sunnydale, California Buffy the Vampire Slayer TV
33%
Eaglewood, New Guernsey Grand Theft Auto game
17%
Cabot Cove Murder, She Wrote TV
17%
Raccoon City Resident Evil 2 game
8%
Waterdeep, Faerûn Dungeons & Dragons other
0%
Musutafu My Hero Academia cartoon
0%
No matching quizzes found
Score Distribution
Percent of People with Each Score
Percentile by Number Answered
Your Score History
You have not taken this quiz